| 000 | 00381nam a2200145Ia 4500 | ||
|---|---|---|---|
| 008 | 220217s9999||||xx |||||||||||||| ||und|| | ||
| 020 | _a0-07-058252-1 | ||
| 082 | _a004.67 POW | ||
| 100 |
_aPowell, Thomas _93343 |
||
| 245 | 0 | _aComplete reference web design | |
| 250 | _a2nd | ||
| 260 |
_aTata mcgraw hill _bNew Delhi _c2003 |
||
| 300 | _b450 | ||
| 650 | _aCOMPUTER NETWORK | ||
| 999 |
_c171442 _d171442 |
||